| 000 | 01080cam a22003375a 4500 | ||
|---|---|---|---|
| 001 | 17347670 | ||
| 005 | 20161213112301.0 | ||
| 006 | m||||f ||z 00| 0 | ||
| 008 | 120613t2013 nyua frb 001 0 eng d | ||
| 020 | _a9780071769235 | ||
| 020 | _a0071769234 | ||
| 020 | _a9780071769242 (DVD) | ||
| 020 | _a0071769242 (DVD) | ||
| 035 | _a(DNLM)101586259 | ||
| 040 |
_aDNLM/DLC _cDLC _dDLC _dEG-ScBUE _beng |
||
| 082 | 0 | 4 |
_222 _a615.9 _bCAS |
| 245 | 0 | 0 |
_aCasarett and Doull's toxicology : _bthe basic science of poisons / _ceditor Curtis D. Klaassen. |
| 246 | 3 | _aCasarett & Doull's toxicology | |
| 250 | _a8th ed. | ||
| 260 |
_aNew York : _bMcGraw-Hill Education, _cc.2013. |
||
| 300 |
_axiii, 1454 p. : _bill. ; _c29 cm. + _e1 DVD-ROM (4 3/4 in.) |
||
| 500 | _aIndex : p. [1427]-1454. | ||
| 504 | _aIncludes bibliographical references. | ||
| 650 | 7 |
_aToxicology. _2BUEsh _940066 |
|
| 651 | _2BUEsh | ||
| 653 |
_bPPhrm _cMay2016 _cDecember2016 |
||
| 700 | 1 |
_aKlaassen, Curtis D., _eeditor. |
|
| 700 | 1 | _aCasarett, Louis J. | |
| 700 | 1 |
_aDoull, John, _d1922- |
|
| 942 | _2ddc | ||
| 999 |
_c21820 _d21792 |
||